Countries Visited in JoJos Bizarre Adventure - Sudden death - Statistics

General Stats
  • This quiz has been taken 172 times
  • The average score is 7 of 12
Answers on the Grid
Answers color-coded by a green-red scale on the quiz's grid according to % correct below.
Colombia
Paraguay
United States
Brazil
China
Japan
Sudan
Iraq
Turkiye
Saudi Arabia
Mexico
Pakistan
Germany
France
Switzerland
Austria
Italy
Algeria
Egypt
Philippines
Singapore
United kingdom
Panama
Taiwan
 
Answer Stats
Answer % Correct
United States
85%
Japan
80%
Egypt
70%
Italy
69%
United kingdom
61%
Mexico
55%
Pakistan
49%
Saudi Arabia
48%
Singapore
47%
Switzerland
41%
China
34%
Austria
11%
No matching quizzes found
Score Distribution
Percent of People with Each Score
Percentile by Number Answered
Your Score History
You have not taken this quiz